[Event "FIDE World Cup 2025"]
[Site "Goa, India"]
[Date "2025.11.03"]
[Round "3.8"]
[White "Tin, Jingyao"]
[Black "Lashkin, Jegor"]
[Result "1-0"]
[TimeControl ": 90 minutes for the first 40 moves, followed by 30 minutes for the rest of the gamewith an increment of 30 seconds per move starting from move 1"]
[WhiteFideId "5804418"]
[BlackFideId "13907808"]
[WhiteElo "2583"]
[BlackElo "2497"]

1. c4 {[%clk 00:15:17]} {[%emt 00:00:02]} Nf6 {[%clk 00:15:13]} {[%emt
00:00:07]} 2. Nc3 {[%clk 00:15:23]} {[%emt 00:00:05]} e5 {[%clk 00:15:20]}
{[%emt 00:00:03]} 3. Nf3 {[%clk 00:15:27]} {[%emt 00:00:05]} Nc6 {[%clk
00:15:28]} {[%emt 00:00:02]} 4. e3 {[%clk 00:15:34]} {[%emt 00:00:03]} Bb4
{[%clk 00:15:36]} {[%emt 00:00:03]} 5. Qc2 {[%clk 00:15:42]} {[%emt 00:00:02]}
Bxc3 {[%clk 00:15:38]} {[%emt 00:00:07]} 6. Qxc3 {[%clk 00:15:50]} {[%emt
00:00:02]} Qe7 {[%clk 00:15:46]} {[%emt 00:00:02]} 7. a3 {[%clk 00:15:58]}
{[%emt 00:00:03]} d5 {[%clk 00:15:36]} {[%emt 00:00:19]} 8. d4 {[%clk
00:16:00]} {[%emt 00:00:08]} exd4 {[%clk 00:15:26]} {[%emt 00:00:20]} 9. Nxd4
{[%clk 00:16:08]} {[%emt 00:00:02]} Nxd4 {[%clk 00:15:24]} {[%emt 00:00:13]} 10.
Qxd4 {[%clk 00:16:16]} {[%emt 00:00:02]} O-O {[%clk 00:15:16]} {[%emt
00:00:17]} 11. Bd2 {[%clk 00:16:23]} {[%emt 00:00:03]} Rd8 {[%clk 00:14:41]}
{[%emt 00:00:45]} 12. Bb4 {[%clk 00:16:31]} {[%emt 00:00:03]} Qe8 {[%clk
00:13:46]} {[%emt 00:01:04]} 13. Be2 {[%clk 00:16:37]} {[%emt 00:00:03]} dxc4
{[%clk 00:12:08]} {[%emt 00:01:49]} 14. Qxc4 {[%clk 00:16:42]} {[%emt
00:00:04]} Nd5 {[%clk 00:12:16]} {[%emt 00:00:02]} 15. Bd2 {[%clk 00:15:38]}
{[%emt 00:01:14]} Qe7 {[%clk 00:10:10]} {[%emt 00:02:17]} 16. Rd1 {[%clk
00:13:35]} {[%emt 00:02:12]} Bf5 {[%clk 00:08:18]} {[%emt 00:02:02]} 17. O-O
{[%clk 00:13:20]} {[%emt 00:00:25]} c6 {[%clk 00:08:09]} {[%emt 00:00:20]} 18.
Rfe1 {[%clk 00:12:58]} {[%emt 00:00:32]} Rd7 {[%clk 00:05:27]} {[%emt
00:02:51]} 19. Bf3 {[%clk 00:11:57]} {[%emt 00:01:11]} Be6 {[%clk 00:03:57]}
{[%emt 00:01:40]} 20. Qc2 {[%clk 00:11:36]} {[%emt 00:00:31]} Rad8 {[%clk
00:03:51]} {[%emt 00:00:16]} 21. e4 {[%clk 00:11:20]} {[%emt 00:00:27]} Nb6
{[%clk 00:03:56]} {[%emt 00:00:04]} 22. Bb4 {[%clk 00:11:19]} {[%emt 00:00:12]}
Qg5 {[%clk 00:03:34]} {[%emt 00:00:32]} 23. Rxd7 {[%clk 00:10:47]} {[%emt
00:00:42]} Rxd7 {[%clk 00:03:15]} {[%emt 00:00:30]} 24. Rd1 {[%clk 00:10:55]}
{[%emt 00:00:01]} h6 {[%clk 00:02:57]} {[%emt 00:00:27]} 25. Be2 {[%clk
00:08:46]} {[%emt 00:02:19]} Rxd1+ {[%clk 00:02:43]} {[%emt 00:00:26]} 26. Qxd1
{[%clk 00:08:52]} {[%emt 00:00:04]} Nd7 {[%clk 00:02:02]} {[%emt 00:00:51]} 27.
Bc3 {[%clk 00:08:42]} {[%emt 00:00:20]} Qf4 {[%clk 00:00:54]} {[%emt 00:01:18]}
28. Qd4 {[%clk 00:07:26]} {[%emt 00:01:27]} Qc1+ {[%clk 00:00:59]} {[%emt
00:00:05]} 29. Bf1 {[%clk 00:07:32]} {[%emt 00:00:04]} f6 {[%clk 00:00:54]}
{[%emt 00:00:14]} 30. Qd2 {[%clk 00:05:13]} {[%emt 00:02:29]} Qxd2 {[%clk
00:00:42]} {[%emt 00:00:23]} 31. Bxd2 {[%clk 00:05:22]} Nb6 {[%clk 00:00:19]}
{[%emt 00:00:33]} 32. Bd3 {[%clk 00:05:13]} {[%emt 00:00:18]} Bc4 {[%clk
00:00:17]} {[%emt 00:00:12]} 33. Bc2 {[%clk 00:05:20]} {[%emt 00:00:03]} Nd7
{[%clk 00:00:19]} {[%emt 00:00:08]} 34. Be3 {[%clk 00:05:10]} {[%emt 00:00:20]}
c5 {[%clk 00:00:22]} {[%emt 00:00:08]} 35. f4 {[%clk 00:05:01]} {[%emt
00:00:19]} Kf7 {[%clk 00:00:22]} {[%emt 00:00:10]} 36. Kf2 {[%clk 00:05:09]}
{[%emt 00:00:02]} Ke7 {[%clk 00:00:22]} {[%emt 00:00:09]} 37. h4 {[%clk
00:05:04]} {[%emt 00:00:15]} Be6 {[%clk 00:00:26]} {[%emt 00:00:06]} 38. Bd1
{[%clk 00:05:03]} {[%emt 00:00:11]} f5 {[%clk 00:00:23]} {[%emt 00:00:13]} 39.
exf5 {[%clk 00:04:13]} {[%emt 00:01:00]} Bxf5 {[%clk 00:00:32]} 40. Bf3 {[%clk
00:04:22]} {[%emt 00:00:02]} b6 {[%clk 00:00:41]} {[%emt 00:00:02]} 41. g4
{[%clk 00:04:31]} Bd3 {[%clk 00:00:48]} {[%emt 00:00:03]} 42. Bd2 {[%clk
00:04:23]} {[%emt 00:00:19]} Nf6 {[%clk 00:00:46]} {[%emt 00:00:11]} 43. Bc3
{[%clk 00:04:25]} {[%emt 00:00:09]} Kf7 {[%clk 00:00:41]} {[%emt 00:00:15]} 44.
Be5 {[%clk 00:04:07]} {[%emt 00:00:27]} Nd7 {[%clk 00:00:24]} {[%emt 00:00:27]}
45. Bd5+ {[%clk 00:04:00]} {[%emt 00:00:18]} Kf8 {[%clk 00:00:24]} {[%emt
00:00:09]} 46. Bd6+ {[%clk 00:03:56]} {[%emt 00:00:13]} Ke8 {[%clk 00:00:34]}
47. Ke3 {[%clk 00:03:42]} {[%emt 00:00:25]} Bb5 {[%clk 00:00:31]} {[%emt
00:00:13]} 48. g5 {[%clk 00:03:43]} {[%emt 00:00:09]} Nf8 {[%clk 00:00:18]}
{[%emt 00:00:23]} 49. f5 {[%clk 00:03:25]} {[%emt 00:00:29]} hxg5 {[%clk
00:00:22]} {[%emt 00:00:05]} 50. hxg5 {[%clk 00:03:34]} Nd7 {[%clk 00:00:16]}
{[%emt 00:00:16]} 51. f6 {[%clk 00:00:27]} {[%emt 00:03:18]} Nxf6 {[%clk
00:00:24]} {[%emt 00:00:02]} 52. gxf6 {[%clk 00:00:35]} gxf6 {[%clk 00:00:33]}
53. Bb8 {[%clk 00:00:42]} {[%emt 00:00:03]} Kd7 {[%clk 00:00:37]} {[%emt
00:00:07]} 54. Bb7 {[%clk 00:00:16]} {[%emt 00:00:35]} a5 {[%clk 00:00:32]}
{[%emt 00:00:15]} 55. Bg3 {[%clk 00:00:20]} {[%emt 00:00:06]} Bc4 {[%clk
00:00:24]} {[%emt 00:00:18]} 56. Bh4 {[%clk 00:00:22]} {[%emt 00:00:07]} Ke7
{[%clk 00:00:16]} {[%emt 00:00:18]} 57. Ke4 {[%clk 00:00:23]} {[%emt 00:00:09]}
b5 {[%clk 00:00:16]} {[%emt 00:00:11]} 58. Ba6 {[%clk 00:00:22]} {[%emt
00:00:11]} Ke6 {[%clk 00:00:16]} {[%emt 00:00:09]} 59. Ke3 {[%clk 00:00:14]}
{[%emt 00:00:19]} a4 {[%clk 00:00:20]} {[%emt 00:00:06]} 60. Bc8+ {[%clk
00:00:20]} {[%emt 00:00:05]} Ke7 {[%clk 00:00:16]} {[%emt 00:00:12]} 61. Ke4
{[%clk 00:00:15]} {[%emt 00:00:15]} Bb3 {[%clk 00:00:14]} {[%emt 00:00:13]} 62.
Be1 {[%clk 00:00:15]} {[%emt 00:00:08]} Bc4 {[%clk 00:00:14]} {[%emt 00:00:11]}
63. Bh3 {[%clk 00:00:16]} {[%emt 00:00:10]} Kd6 {[%clk 00:00:17]} {[%emt
00:00:07]} 64. Bc3 {[%clk 00:00:17]} {[%emt 00:00:08]} Ke7 {[%clk 00:00:12]}
{[%emt 00:00:16]} 65. Bg4 {[%clk 00:00:25]} {[%emt 00:00:02]} Bf7 {[%clk
00:00:11]} {[%emt 00:00:10]} 66. Be2 {[%clk 00:00:26]} {[%emt 00:00:09]} b4
{[%clk 00:00:13]} {[%emt 00:00:08]} 67. axb4 {[%clk 00:00:34]} {[%emt
00:00:03]} cxb4 {[%clk 00:00:22]} 68. Bxb4+ {[%clk 00:00:42]} {[%emt 00:00:02]}
Kd8 {[%clk 00:00:24]} {[%emt 00:00:08]} 69. Bd1 {[%clk 00:00:43]} {[%emt
00:00:09]} Be8 {[%clk 00:00:27]} {[%emt 00:00:08]} 70. Kf5 {[%clk 00:00:40]}
{[%emt 00:00:13]} Kc7 {[%clk 00:00:33]} {[%emt 00:00:04]} 71. Kxf6 {[%clk
00:00:46]} {[%emt 00:00:04]} Kb6 {[%clk 00:00:38]} {[%emt 00:00:05]} 72. Be2
{[%clk 00:00:47]} {[%emt 00:00:08]} Bb5 {[%clk 00:00:39]} {[%emt 00:00:09]} 73.
Bxb5 {[%clk 00:00:35]} {[%emt 00:00:21]} 1-0

[Event "FIDE World Cup 2025"]
[Site "Goa, India"]
[Date "2025.11.03"]
[Round "3.9"]
[White "Lalit, Babu M R"]
[Black "Warmerdam, Max"]
[Result "1-0"]
[TimeControl ": 90 minutes for the first 40 moves, followed by 30 minutes for the rest of the gamewith an increment of 30 seconds per move starting from move 1"]
[WhiteFideId "5024595"]
[BlackFideId "1048104"]
[WhiteElo "2502"]
[BlackElo "2582"]

1. d4 {[%clk 00:15:17]} {[%emt 00:00:03]} d5 {[%clk 00:15:19]} 2. Nf3 {[%clk
00:15:25]} {[%emt 00:00:03]} Nf6 {[%clk 00:15:28]} {[%emt 00:00:01]} 3. Bg5
{[%clk 00:15:31]} {[%emt 00:00:04]} Ne4 {[%clk 00:15:36]} {[%emt 00:00:02]} 4.
Bf4 {[%clk 00:15:38]} {[%emt 00:00:03]} c5 {[%clk 00:15:41]} {[%emt 00:00:06]}
5. e3 {[%clk 00:15:39]} {[%emt 00:00:09]} Qb6 {[%clk 00:15:11]} {[%emt
00:00:40]} 6. Nc3 {[%clk 00:15:25]} {[%emt 00:00:22]} Qa5 {[%clk 00:14:40]}
{[%emt 00:00:41]} 7. Bb5+ {[%clk 00:14:43]} {[%emt 00:00:52]} Bd7 {[%clk
00:12:58]} {[%emt 00:01:53]} 8. Bxd7+ {[%clk 00:14:02]} {[%emt 00:00:51]} Nxd7
{[%clk 00:13:06]} {[%emt 00:00:01]} 9. O-O {[%clk 00:14:09]} {[%emt 00:00:04]}
Nxc3 {[%clk 00:12:45]} {[%emt 00:00:31]} 10. bxc3 {[%clk 00:14:16]} {[%emt
00:00:02]} e6 {[%clk 00:12:43]} {[%emt 00:00:13]} 11. Qe2 {[%clk 00:10:51]}
{[%emt 00:03:34]} Be7 {[%clk 00:11:48]} {[%emt 00:01:06]} 12. Rab1 {[%clk
00:08:20]} {[%emt 00:02:42]} b6 {[%clk 00:08:21]} {[%emt 00:03:36]} 13. e4
{[%clk 00:08:16]} {[%emt 00:00:13]} Nf6 {[%clk 00:07:53]} {[%emt 00:00:39]} 14.
exd5 {[%clk 00:06:01]} {[%emt 00:02:25]} Nxd5 {[%clk 00:08:01]} {[%emt
00:00:02]} 15. Bd2 {[%clk 00:05:31]} {[%emt 00:00:40]} O-O {[%clk 00:04:18]}
{[%emt 00:03:53]} 16. c4 {[%clk 00:05:25]} {[%emt 00:00:16]} Qa6 {[%clk
00:04:26]} {[%emt 00:00:02]} 17. Rfe1 {[%clk 00:05:14]} {[%emt 00:00:21]} Nb4
{[%clk 00:03:37]} {[%emt 00:00:59]} 18. Bxb4 {[%clk 00:03:56]} {[%emt
00:01:29]} cxb4 {[%clk 00:03:46]} {[%emt 00:00:01]} 19. d5 {[%clk 00:03:59]}
{[%emt 00:00:06]} Bf6 {[%clk 00:03:29]} {[%emt 00:00:27]} 20. dxe6 {[%clk
00:03:56]} {[%emt 00:00:14]} fxe6 {[%clk 00:02:29]} {[%emt 00:01:09]} 21. Qxe6+
{[%clk 00:03:33]} {[%emt 00:00:34]} Kh8 {[%clk 00:02:38]} 22. c5 {[%clk
00:03:29]} {[%emt 00:00:14]} Qa5 {[%clk 00:02:01]} {[%emt 00:00:47]} 23. Ne5
{[%clk 00:02:38]} {[%emt 00:01:00]} Bxe5 {[%clk 00:01:51]} {[%emt 00:00:20]} 24.
Rxe5 {[%clk 00:02:47]} {[%emt 00:00:01]} bxc5 {[%clk 00:01:44]} {[%emt
00:00:18]} 25. Rbe1 {[%clk 00:02:54]} {[%emt 00:00:03]} Qb6 {[%clk 00:01:41]}
{[%emt 00:00:13]} 26. Qc4 {[%clk 00:03:01]} {[%emt 00:00:04]} Rac8 {[%clk
00:00:38]} {[%emt 00:01:12]} 27. Re6 {[%clk 00:03:02]} {[%emt 00:00:09]} Qb8
{[%clk 00:00:29]} {[%emt 00:00:19]} 28. Re7 {[%clk 00:02:58]} {[%emt 00:00:14]}
a5 {[%clk 00:00:23]} {[%emt 00:00:16]} 29. Rxg7 {[%clk 00:02:32]} {[%emt
00:00:36]} Qf4 {[%clk 00:00:16]} {[%emt 00:00:17]} 30. Rg8+ {[%clk 00:02:34]}
{[%emt 00:00:07]} 1-0

[Event "FIDE World Cup 2025"]
[Site "Goa, India"]
[Date "2025.11.03"]
[Round "3.10"]
[White "Brkic, Ante"]
[Black "Oro, Faustino"]
[Result "1-0"]
[TimeControl ": 90 minutes for the first 40 moves, followed by 30 minutes for the rest of the gamewith an increment of 30 seconds per move starting from move 1"]
[WhiteFideId "14506688"]
[BlackFideId "20000197"]
[WhiteElo "2578"]
[BlackElo "2509"]

1. e4 {[%clk 00:15:19]} c6 {[%clk 00:15:19]} {[%emt 00:00:02]} 2. d4 {[%clk
00:15:28]} d5 {[%clk 00:15:29]} 3. exd5 {[%clk 00:15:37]} {[%emt 00:00:01]}
cxd5 {[%clk 00:15:37]} {[%emt 00:00:02]} 4. Nf3 {[%clk 00:15:45]} {[%emt
00:00:01]} Nc6 {[%clk 00:14:59]} {[%emt 00:00:48]} 5. c3 {[%clk 00:15:54]}
{[%emt 00:00:01]} Bg4 {[%clk 00:14:39]} {[%emt 00:00:30]} 6. h3 {[%clk
00:16:02]} {[%emt 00:00:02]} Bh5 {[%clk 00:14:48]} {[%emt 00:00:02]} 7. Qb3
{[%clk 00:15:44]} {[%emt 00:00:29]} Qd7 {[%clk 00:12:40]} {[%emt 00:02:18]} 8.
Ne5 {[%clk 00:15:43]} {[%emt 00:00:11]} Nxe5 {[%clk 00:12:37]} {[%emt
00:00:13]} 9. dxe5 {[%clk 00:15:52]} {[%emt 00:00:02]} a6 {[%clk 00:12:45]}
{[%emt 00:00:01]} 10. c4 {[%clk 00:15:50]} {[%emt 00:00:11]} d4 {[%clk
00:09:20]} {[%emt 00:03:34]} 11. g4 {[%clk 00:12:10]} {[%emt 00:03:51]} Bg6
{[%clk 00:08:45]} {[%emt 00:00:45]} 12. Bg2 {[%clk 00:12:19]} {[%emt 00:00:01]}
Rb8 {[%clk 00:08:47]} {[%emt 00:00:08]} 13. Nd2 {[%clk 00:11:10]} {[%emt
00:01:19]} e6 {[%clk 00:06:50]} {[%emt 00:02:07]} 14. Ne4 {[%emt 00:01:39]} f5
{[%clk 00:05:46]} 15. exf6 {[%clk 00:10:02]} {[%emt 00:01:03]} Nxf6 {[%clk
00:05:43]} {[%emt 00:00:12]} 16. Nxf6+ {[%clk 00:07:51]} {[%emt 00:02:21]} gxf6
{[%clk 00:05:51]} {[%emt 00:00:02]} 17. O-O {[%clk 00:07:59]} {[%emt 00:00:02]}
Bc5 {[%clk 00:04:03]} {[%emt 00:01:58]} 18. Re1 {[%clk 00:06:33]} {[%emt
00:01:38]} Kf7 {[%clk 00:03:29]} {[%emt 00:00:43]} 19. Bf4 {[%clk 00:06:06]}
{[%emt 00:00:37]} Rbd8 {[%clk 00:02:52]} {[%emt 00:00:47]} 20. Qf3 {[%clk
00:04:22]} {[%emt 00:01:53]} Rhf8 {[%clk 00:01:30]} {[%emt 00:01:33]} 21. Rad1
{[%clk 00:04:00]} {[%emt 00:00:32]} Kg7 {[%clk 00:01:14]} {[%emt 00:00:25]} 22.
h4 {[%clk 00:03:38]} {[%emt 00:00:33]} e5 {[%clk 00:00:51]} {[%emt 00:00:31]}
23. Bd2 {[%clk 00:03:33]} {[%emt 00:00:17]} h6 {[%clk 00:00:23]} {[%emt
00:00:38]} 24. h5 {[%clk 00:02:43]} {[%emt 00:01:00]} Bc2 {[%clk 00:00:23]}
{[%emt 00:00:11]} 25. Rc1 {[%clk 00:02:44]} {[%emt 00:00:09]} Bh7 {[%clk
00:00:23]} {[%emt 00:00:10]} 26. b4 {[%clk 00:02:37]} {[%emt 00:00:17]} Be7
{[%clk 00:00:17]} {[%emt 00:00:16]} 27. c5 {[%clk 00:02:35]} {[%emt 00:00:13]}
Rb8 {[%clk 00:00:26]} 28. Qg3 {[%clk 00:02:08]} {[%emt 00:00:36]} Rg8 {[%clk
00:00:15]} {[%emt 00:00:22]} 29. f4 {[%clk 00:01:23]} {[%emt 00:00:55]} Kh8
{[%clk 00:00:15]} {[%emt 00:00:09]} 30. g5 {[%clk 00:01:25]} {[%emt 00:00:07]}
fxg5 {[%clk 00:00:13]} {[%emt 00:00:12]} 31. fxe5 {[%clk 00:01:21]} {[%emt
00:00:14]} Qe6 {[%clk 00:00:18]} {[%emt 00:00:05]} 32. c6 {[%clk 00:01:30]}
{[%emt 00:00:02]} bxc6 {[%clk 00:00:14]} {[%emt 00:00:13]} 33. Rxc6 {[%clk
00:01:38]} {[%emt 00:00:02]} Qxa2 {[%clk 00:00:23]} 34. Bc1 {[%clk 00:00:54]}
{[%emt 00:00:54]} d3 {[%clk 00:00:21]} {[%emt 00:00:13]} 35. e6 {[%clk
00:00:26]} {[%emt 00:00:37]} Rbf8 {[%clk 00:00:23]} {[%emt 00:00:07]} 36. Rc7
{[%clk 00:00:28]} {[%emt 00:00:09]} Rg7 {[%clk 00:00:12]} {[%emt 00:00:20]} 37.
Rxe7 {[%clk 00:00:28]} {[%emt 00:00:10]} Rxe7 {[%clk 00:00:15]} {[%emt
00:00:08]} 38. Qe5+ {[%clk 00:00:25]} {[%emt 00:00:11]} Rg7 {[%clk 00:00:14]}
{[%emt 00:00:12]} 39. Bb2 {[%clk 00:00:34]} Rfg8 {[%clk 00:00:12]} {[%emt
00:00:12]} 40. e7 {[%clk 00:00:43]} {[%emt 00:00:02]} d2 {[%clk 00:00:13]}
{[%emt 00:00:09]} 41. Qxg7+ {[%clk 00:00:41]} {[%emt 00:00:12]} Rxg7 {[%clk
00:00:22]} 42. e8=Q+ {[%clk 00:00:48]} {[%emt 00:00:03]} Bg8 {[%clk 00:00:27]}
{[%emt 00:00:05]} 43. Bxg7+ {[%clk 00:00:44]} {[%emt 00:00:15]} Kxg7 {[%clk
00:00:36]} {[%emt 00:00:02]} 44. Qg6+ {[%clk 00:00:48]} {[%emt 00:00:05]} 1-0

[Event "FIDE World Cup 2025"]
[Site "Goa, India"]
[Date "2025.11.03"]
[Round "3.11"]
[White "Aronyak, Ghosh"]
[Black "Bartel, Mateusz"]
[Result "1-0"]
[TimeControl ": 90 minutes for the first 40 moves, followed by 30 minutes for the rest of the gamewith an increment of 30 seconds per move starting from move 1"]
[WhiteFideId "25072846"]
[BlackFideId "1112635"]
[WhiteElo "2514"]
[BlackElo "2575"]

1. d4 {[%clk 00:15:18]} {[%emt 00:00:02]} Nf6 {[%clk 00:15:19]} {[%emt
00:00:01]} 2. Nf3 {[%clk 00:15:25]} {[%emt 00:00:02]} e6 {[%clk 00:15:23]}
{[%emt 00:00:06]} 3. Bf4 {[%clk 00:15:30]} {[%emt 00:00:05]} b6 {[%clk
00:15:23]} {[%emt 00:00:11]} 4. e3 {[%clk 00:15:33]} {[%emt 00:00:07]} Bb7
{[%clk 00:15:30]} {[%emt 00:00:03]} 5. c4 {[%clk 00:15:24]} {[%emt 00:00:19]}
Bb4+ {[%clk 00:15:07]} {[%emt 00:00:33]} 6. Nfd2 {[%clk 00:15:29]} {[%emt
00:00:05]} O-O {[%clk 00:14:02]} {[%emt 00:01:15]} 7. a3 {[%clk 00:15:37]}
{[%emt 00:00:02]} Be7 {[%clk 00:14:09]} {[%emt 00:00:03]} 8. Nc3 {[%clk
00:15:45]} {[%emt 00:00:02]} d6 {[%clk 00:14:05]} {[%emt 00:00:14]} 9. Bd3
{[%clk 00:14:25]} {[%emt 00:01:30]} e5 {[%clk 00:14:01]} {[%emt 00:00:14]} 10.
Bg5 {[%clk 00:13:34]} {[%emt 00:01:00]} exd4 {[%clk 00:12:58]} {[%emt
00:01:13]} 11. exd4 {[%clk 00:13:41]} {[%emt 00:00:04]} d5 {[%clk 00:11:22]}
{[%emt 00:01:47]} 12. O-O {[%clk 00:12:38]} {[%emt 00:01:12]} dxc4 {[%clk
00:11:11]} {[%emt 00:00:21]} 13. Nxc4 {[%clk 00:12:45]} {[%emt 00:00:03]} Nc6
{[%clk 00:11:20]} 14. Be3 {[%clk 00:11:28]} {[%emt 00:01:27]} Qd7 {[%clk
00:10:08]} {[%emt 00:01:21]} 15. d5 {[%clk 00:09:32]} {[%emt 00:02:07]} Nb8
{[%clk 00:09:52]} {[%emt 00:00:26]} 16. Qc2 {[%clk 00:09:36]} {[%emt 00:00:06]}
Qg4 {[%clk 00:08:16]} {[%emt 00:01:46]} 17. Rad1 {[%clk 00:08:27]} {[%emt
00:01:19]} Nbd7 {[%clk 00:08:01]} {[%emt 00:00:25]} 18. Be2 {[%clk 00:08:22]}
{[%emt 00:00:15]} Qh4 {[%clk 00:08:01]} {[%emt 00:00:08]} 19. Rd4 {[%clk
00:08:02]} {[%emt 00:00:32]} 1-0

[Event "FIDE World Cup 2025"]
[Site "Goa, India"]
[Date "2025.11.03"]
[Round "3.12"]
[White "Supi, Luis Paulo"]
[Black "Galaviz Medina, Sion Radamantys"]
[Result "1/2-1/2"]
[TimeControl ": 90 minutes for the first 40 moves, followed by 30 minutes for the rest of the gamewith an increment of 30 seconds per move starting from move 1"]
[WhiteFideId "2106388"]
[BlackFideId "5123119"]
[WhiteElo "2575"]
[BlackElo "2515"]

1. e4 {[%emt 01:22:46]} c5 {[%clk 00:15:19]} 2. Nf3 {[%clk 00:15:28]} Nc6
{[%clk 00:15:27]} {[%emt 00:00:02]} 3. Nc3 {[%clk 00:15:35]} {[%emt 00:00:02]}
e6 {[%clk 00:15:32]} {[%emt 00:00:05]} 4. h3 {[%clk 00:15:35]} {[%emt
00:00:12]} a6 {[%clk 00:14:12]} {[%emt 00:01:30]} 5. d4 {[%clk 00:15:40]}
{[%emt 00:00:04]} cxd4 {[%clk 00:13:54]} {[%emt 00:00:28]} 6. Nxd4 {[%clk
00:15:48]} {[%emt 00:00:02]} Bc5 {[%clk 00:14:02]} {[%emt 00:00:02]} 7. Nxc6
{[%clk 00:15:11]} {[%emt 00:00:47]} bxc6 {[%clk 00:14:11]} 8. Bd3 {[%clk
00:13:26]} {[%emt 00:01:55]} d5 {[%clk 00:14:14]} {[%emt 00:00:07]} 9. Qg4
{[%clk 00:11:58]} {[%emt 00:01:38]} Nf6 {[%clk 00:09:28]} {[%emt 00:04:56]} 10.
Qxg7 {[%clk 00:09:53]} {[%emt 00:02:15]} Rg8 {[%clk 00:09:37]} {[%emt
00:00:01]} 11. Qh6 {[%clk 00:10:02]} Rg6 {[%clk 00:09:41]} {[%emt 00:00:05]} 12.
Qf4 {[%clk 00:08:05]} {[%emt 00:02:07]} Rxg2 {[%clk 00:09:40]} {[%emt
00:00:12]} 13. Rf1 {[%clk 00:06:21]} {[%emt 00:01:53]} Nd7 {[%clk 00:07:57]}
{[%emt 00:01:54]} 14. exd5 {[%clk 00:04:05]} {[%emt 00:02:26]} cxd5 {[%clk
00:07:51]} {[%emt 00:00:16]} 15. Be3 {[%clk 00:04:02]} {[%emt 00:00:13]} Bb7
{[%clk 00:06:25]} {[%emt 00:01:36]} 16. O-O-O {[%clk 00:03:38]} {[%emt
00:00:34]} Rc8 {[%clk 00:02:19]} {[%emt 00:04:16]} 17. Rg1 {[%clk 00:02:52]}
{[%emt 00:00:55]} Rxg1 {[%clk 00:02:18]} {[%emt 00:00:12]} 18. Rxg1 {[%clk
00:03:00]} {[%emt 00:00:02]} Qf6 {[%clk 00:02:26]} {[%emt 00:00:02]} 19. Rg8+
{[%clk 00:01:16]} {[%emt 00:01:55]} Ke7 {[%clk 00:02:34]} {[%emt 00:00:01]} 20.
Qxf6+ {[%clk 00:00:46]} {[%emt 00:00:41]} Nxf6 {[%clk 00:02:42]} {[%emt
00:00:01]} 21. Rxc8 {[%clk 00:00:36]} {[%emt 00:00:20]} Bxe3+ {[%clk 00:02:51]}
22. fxe3 {[%clk 00:00:30]} {[%emt 00:00:16]} Bxc8 {[%clk 00:03:00]} {[%emt
00:00:02]} 23. b4 {[%clk 00:00:21]} {[%emt 00:00:19]} Kd6 {[%clk 00:02:49]}
{[%emt 00:00:21]} 24. a4 {[%clk 00:00:20]} {[%emt 00:00:11]} h5 {[%clk
00:02:45]} {[%emt 00:00:14]} 25. h4 {[%clk 00:00:26]} {[%emt 00:00:04]} Ng4
{[%clk 00:02:53]} {[%emt 00:00:02]} 26. Kd2 {[%clk 00:00:27]} {[%emt 00:00:07]}
f5 {[%clk 00:02:51]} {[%emt 00:00:15]} 27. Ne2 {[%clk 00:00:21]} {[%emt
00:00:15]} Ne5 {[%clk 00:02:19]} {[%emt 00:00:42]} 28. Nf4 {[%clk 00:00:18]}
{[%emt 00:00:14]} Nf3+ {[%clk 00:02:28]} {[%emt 00:00:01]} 29. Kc3 {[%clk
00:00:23]} {[%emt 00:00:05]} Nxh4 {[%clk 00:02:34]} {[%emt 00:00:03]} 30. Nxh5
{[%clk 00:00:29]} {[%emt 00:00:04]} Nf3 {[%clk 00:01:51]} {[%emt 00:00:53]} 31.
Be2 {[%clk 00:00:25]} {[%emt 00:00:14]} Ng5 {[%clk 00:01:56]} {[%emt 00:00:05]}
32. Kd3 {[%clk 00:00:15]} {[%emt 00:00:20]} Bd7 {[%clk 00:01:59]} {[%emt
00:00:08]} 33. Kc3 {[%clk 00:00:13]} {[%emt 00:00:12]} Bxa4 {[%clk 00:02:05]}
{[%emt 00:00:03]} 34. Bxa6 {[%clk 00:00:22]} {[%emt 00:00:02]} Ne4+ {[%clk
00:02:11]} {[%emt 00:00:03]} 35. Kb2 {[%clk 00:00:28]} {[%emt 00:00:04]} Be8
{[%clk 00:01:29]} {[%emt 00:00:53]} 36. Nf4 {[%clk 00:00:35]} {[%emt 00:00:03]}
e5 {[%clk 00:01:37]} {[%emt 00:00:02]} 37. Nd3 {[%clk 00:00:24]} {[%emt
00:00:20]} Bd7 {[%clk 00:01:33]} {[%emt 00:00:14]} 38. c4 {[%clk 00:00:26]}
{[%emt 00:00:08]} dxc4 {[%clk 00:01:37]} {[%emt 00:00:06]} 39. Bxc4 {[%clk
00:00:35]} {[%emt 00:00:02]} Ba4 {[%clk 00:01:11]} {[%emt 00:00:36]} 1/2-1/2